000 00302nam a22001337a 4500
008 180905b xxu||||| |||| 00| 0 eng d
020 _a9780072921632
041 _aeng
080 _26 ED
_a612.39
100 _a10
101 _aNUT
245 _aPerspective Nutrition
_cWardlaw.h
942 _2udc
_cBK
999 _c47554
_d47554